ბათუმის შოთა რუსთაველის სახელმწიფო უნივერსიტეტის ბიბლიოთეკა

სფინქსის აჩრდილი. (ბიბ.ჩანაწერი № 48957)

000 -LEADER
fixed length control field 00671nam a2200217Ia 4500
001 - CONTROL NUMBER
control field 15860
003 - CONTROL NUMBER IDENTIFIER
control field GE_BSU
008 - FIXED-LENGTH DATA ELEMENTS--GENERAL INFORMATION
fixed length control field 181216s||||||||xx |||||||||||||| ||und||
020 ## - INTERNATIONAL STANDARD BOOK NUMBER
International Standard Book Number 5529011829
040 ## - CATALOGING SOURCE
Transcribing agency GE_BSU
080 ## - UNIVERSAL DECIMAL CLASSIFICATION NUMBER
Universal Decimal Classification number 821.353.1-4
100 ## - MAIN ENTRY--PERSONAL NAME
Personal name ჭილაძე, თამაზ
245 ## - TITLE STATEMENT
Title სფინქსის აჩრდილი.
245 ## - TITLE STATEMENT
Statement of responsibility, etc. რედ.მ.რამიშვილი. მხ.თ.შარიფაშვილი
260 ## - PUBLICATION, DISTRIBUTION, ETC.
Place of publication, distribution, etc. თბილისი
260 ## - PUBLICATION, DISTRIBUTION, ETC.
Name of publisher, distributor, etc. საქართველო
260 ## - PUBLICATION, DISTRIBUTION, ETC.
Date of publication, distribution, etc. 1991
300 ## - PHYSICAL DESCRIPTION
Extent 41 გვ. ; 17 სმ
653 ## - INDEX TERM--UNCONTROLLED
Uncontrolled term სფინქსის აჩრდილი.
942 ## - ADDED ENTRY ELEMENTS (KOHA)
Koha item type წიგნი
ეგზემპლარები
Withdrawn status Lost status Damaged status Not for loan Date acquired Barcode Date last seen Price effective from Koha item type
        2018-12-17 39237 2018-12-17 2018-12-17 წიგნი
        2018-12-17 39238 2018-12-17 2018-12-17 წიგნი
        2018-12-17 39239 2018-12-17 2018-12-17 წიგნი
        2018-12-17 39240 2018-12-17 2018-12-17 წიგნი
        2018-12-17 39241 2018-12-17 2018-12-17 წიგნი